000 00503nam a2200193Ia 4500
008 101110s9999 xx 000 0 und d
041 _aMARATHI
082 _bSR9231
_a658
100 _aSaraf Mohan
245 _aAdhunik Vyavsay Sanghatan Va Vyavasthapan
365 _b18
520 _aCommerce
546 _aMARATHI
630 _aAdhunik Vyavsay Sanghatan Va Vyavasthapan
650 _aCommerce
655 _aCommerce
730 _aAdhunik Vyavsay Sanghatan Va Vyavasthapan
942 _cBOOK
999 _c804455
_d804452